Laboratorio de administración de empresas / Ronald L. Jensen (Registro nro. 5255)

Detalles MARC
000 -LEADER
fixed length control field 00481nam a22001931a 4500
001 - CONTROL NUMBER
control field 5255
003 - CONTROL NUMBER IDENTIFIER
control field OSt
005 - DATE AND TIME OF LATEST TRANSACTION
control field 20260204212008.0
008 - FIXED-LENGTH DATA ELEMENTS--GENERAL INFORMATION
fixed length control field 051212s1994||||mx ||||||b||||||||||spa||
020 ## - NUMERO DE LIBRO INTERNACIONAL NORMALIZADO
International Standard Book Number 9687392002
050 ## - LIBRARY OF CONGRESS CALL NUMBER
Classification number 658 J452l
100 ## - ASIENTO PRINCIPAL -- NOMBRE PERSONAL
Personal name Jensen, Ronald L.
245 ## - TÍTULO PROPIAMENTE DICHO: SUBTÍTULO
Title Laboratorio de administración de empresas / Ronald L. Jensen
250 ## - MENCIÓN DE EDICIÓN
Edition statement 4
264 ## - PRODUCTION, PUBLICATION, DISTRIBUTION, MANUFACTURE, AND COPYRIGHT NOTICE
Place of production, publication, distribution, manufacture México : Daym LRWN
300 ## - PHYSICAL DESCRIPTION
Extensión 150 p
650 ## - ASIENTO SECUNDARIO DE MATERIA -- TERMINO TEMÁTICO
Termino Temático Como Elemento de Entrada 1.Administración de EmpresasÌ
942 ## - ADDED ENTRY ELEMENTS (KOHA)
Source of classification or shelving scheme Dewey Decimal Classification
Koha item type Libros
Existencias
Withdrawn status Lost status Source of classification or shelving scheme Damaged status Not for loan Current library Date acquired Full call number Barcode Date last seen Price effective from Koha item type
    Dewey Decimal Classification Descartado para donación   Biblioteca UTECO 09/09/2019 658 J452L 010624 09/09/2019 09/09/2019 Libros
    Dewey Decimal Classification Descartado para donación   Biblioteca UTECO 09/09/2019 658 J452L 012517 09/09/2019 09/09/2019 Libros
    Dewey Decimal Classification Descartado para donación   Biblioteca UTECO 09/09/2019 658 J452L 012518 09/09/2019 09/09/2019 Libros
© 2021 Derechos Reservados UTECO - Teléfono: +1 809-585-2291 - Correo electrónico: biblioteca@uteco.edu.do​  
Código postal 43000 ​​
Dirección: Avenida Universitaria No. 100, 
Cotuí, Provincia Sánchez Ramírez, República Dominicana - RNC: 404-00059-6